Statistics for Most Popular Fast Food Restaurants

Click here to take the quiz!

General Stats

  • This quiz has been taken 320,954 times
    (55,020 since last reset)
  • The average score is 17 of 50

Answer Stats

#SegmentRestaurant% Correct
1BurgerMcDonalds
98%
2CoffeeStarbucks
96%
4BurgerBurger King
95%
3SandwichSubway
87%
10PizzaPizza Hut
87%
13ChickenKFC
85%
5MexicanTaco Bell
82%
7DonutDunkin' Donuts
82%
9PizzaDomino's
81%
6BurgerWendy's
72%
8ChickenChick-fil-A
52%
43BurgerIn-N-Out
48%
20PizzaPapa John's
47%
12MexicanChipotle
47%
19ChickenPopeyes
44%
21AsianPanda Express
39%
15Ice CreamDairy Queen
39%
45Ice CreamBaskin-Robbins
36%
27BurgerFive Guys
33%
16SandwichArby's
33%
23BurgerHardee's
32%
26BurgerCarl's Jr.
32%
17PizzaLittle Caesars
31%
18BurgerJack in the Box
23%
24SandwichJimmy John's
22%
14BurgerSonic
22%
49BurgerWhite Castle
21%
22BurgerWhataburger
20%
47PretzelAuntie Anne's
20%
11SandwichPanera
19%
39CoffeeTim Hortons
16%
38MexicanDel Taco
16%
37ChickenChurch's Chicken
14%
31SandwichJersey Mike's
14%
36MexicanQdoba
12%
33BurgerCheckers/Rally's
11%
41SandwichFirehouse Subs
11%
40MexicanMoe's Southwest Grill
10%
25ChickenZaxby's
10%
28BurgerCulver's
10%
29ChickenBojangles'
9%
32BurgerSteak 'n Shake
9%
34ChickenEl Pollo Loco
8%
35PizzaPapa Murphy's
7%
50PastaNoodles & Company
6%
30ChickenWingstop
6%
46ChickenBoston Market
5%
44SandwichJason's Deli
4%
48PizzaMarco's Pizza
3%
42SandwichMcAlister's Deli
3%

Score Distribution

Percentile by Number Answered

Percent of People with Each Score

Your Score History

You have not taken this quiz since the last reset